[Event "SRB-chT quality"]
[Site "Belgrade"]
[Date "2010.10.30"]
[Round "10"]
[White "Dikic, Veljko"]
[Black "Cosic, Nebojsa"]
[Result "0-1"]
[WhiteElo "1817"]
[BlackElo "1862"]
[PlyCount "96"]
[EventDate "2010.10.09"]
[EventType "team-tourn"]
[EventRounds "11"]
[EventCountry "YUG"]
[SourceTitle "EXT 2011"]
[Source "ChessBase"]
[SourceDate "2010.11.26"]
[SourceVersion "1"]
[SourceVersionDate "2010.11.26"]
[SourceQuality "1"]

1. e4 c5 2. Nc3 e6 3. g3 Nc6 4. Bg2 Nf6 5. d3 Be7 6. f4 d6 7. Nf3 0-0 8. 0-0 Rb8 9. a4 a6 10. h3 b5 11. axb5 axb5 12. g4 b4 13. Ne2 Bb7 14. Ng3 Nd7 15. Be3 Bf6 16. Rb1 g6 17. f5 Nde5 18. g5 Nxf3+ 19. Qxf3 Bxg5 20. f6 Ne5 21. Qf2 Bxe3 22. Qxe3 Kh8 23. Qg5 Nd7 24. Rf2 Rg8 25. Rbf1 e5 26. h4 Nf8 27. Kh2 Ne6 28. Qe3 Nf4 29. Rxf4 exf4 30. Qxf4 Bc8 31. e5 d5 32. Qg5 Be6 33. Ne2 Qf8 34. Nf4 Rd8 35. Nxe6 fxe6 36. f7 Rg7 37. Qf6 Rd7 38. Qxe6 Rgxf7 39. Rxf7 Qxf7 40. Qg4 Qf5 41. Qxf5 gxf5 42. Kg3 Rg7+ 43. Kf2 d4 44. e6 Re7 45. Bd5 Kg7 46. Kf3 Kf6 47. Kf4 h6 48. b3 Rg7 0-1

[Event "Belgrade Summer op"]
[Site "Belgrade"]
[Date "2009.06.08"]
[Round "6"]
[White "Cosic, Nebojsa"]
[Black "Maksimovic, Marko"]
[Result "0-1"]
[WhiteElo "1848"]
[BlackElo "2214"]
[PlyCount "112"]
[EventDate "2009.06.02"]
[EventType "swiss"]
[EventRounds "9"]
[EventCountry "SRB"]
[SourceTitle "EXT 2019"]
[Source "ChessBase"]
[SourceDate "2018.10.10"]
[SourceVersion "1"]
[SourceVersionDate "2018.10.10"]
[SourceQuality "1"]

1. e4 c5 2. Nf3 d6 3. d4 cxd4 4. Nxd4 Nf6 5. Nc3 Bd7 6. Be3 Ng4 7. Bc1 Nf6 8. Be3 Ng4 9. Bc1 Nc6 10. h3 Nge5 11. Be2 Nxd4 12. Qxd4 Nc6 13. Qd1 e6 14. Be3 Be7 15. 0-0 a6 16. Qd2 b5 17. a3 0-0 18. f4 Rc8 19. Rf3 Na5 20. Raf1 Qc7 21. f5 Bf6 22. Bf4 Nb7 23. Rd1 Qb6+ 24. Be3 Qc7 25. Bf4 Qb6+ 26. Be3 Qc7 27. Bf4 Qb6+ 28. Be3 Bxc3 29. bxc3 Qc6 30. Bh6 f6 31. Rg3 Rf7 32. Bh5 Re7 33. Qf4 Kh8 34. fxe6 Qc5+ 35. Rd4 Bxe6 36. Bxg7+ Rxg7 37. Qxf6 Qe5 38. Qxg7+ Qxg7 39. Rxg7 Kxg7 40. Bf3 Rxc3 41. a4 Rxc2 42. axb5 axb5 43. Rb4 Bc4 44. e5 d5 45. Bg4 Kf7 46. Bd7 Nc5 47. Bf5 Rc1+ 48. Kh2 Nd3 49. Bxd3 Bxd3 50. Rd4 Bc4 51. Rh4 Ke6 52. Rxh7 d4 53. g4 d3 54. g5 d2 55. h4 d1Q 56. Rh6+ Kxe5 0-1

[Event "Belgrade Summer op"]
[Site "Belgrade"]
[Date "2009.06.03"]
[Round "2"]
[White "Cosic, Nebojsa"]
[Black "Marinkov, Svetislav"]
[Result "1-0"]
[WhiteElo "1848"]
[BlackElo "1977"]
[PlyCount "81"]
[EventDate "2009.06.02"]
[EventType "swiss"]
[EventRounds "9"]
[EventCountry "SRB"]
[SourceTitle "EXT 2019"]
[Source "ChessBase"]
[SourceDate "2018.10.10"]
[SourceVersion "1"]
[SourceVersionDate "2018.10.10"]
[SourceQuality "1"]

1. e4 c5 2. Nf3 d6 3. d4 cxd4 4. Nxd4 Nf6 5. Nc3 a6 6. Be3 e6 7. f3 b5 8. Qd2 b4 9. Na4 Nbd7 10. Nc6 Qc7 11. Nxb4 a5 12. Nd3 d5 13. Qc3 Qb8 14. e5 Bb4 15. Nxb4 axb4 16. Qc6 Bb7 17. Qb5 Qxe5 18. Kf2 0-0 19. Qxb4 Bc6 20. Bf4 Ne4+ 21. Qxe4 Qxe4 22. fxe4 Rxa4 23. Bd6 Rfa8 24. exd5 exd5 25. a3 Nf6 26. Bd3 Ne4+ 27. Bxe4 dxe4 28. Ke3 f6 29. Rhd1 Kf7 30. Bb4 g5 31. Rd4 f5 32. g3 h5 33. Rad1 h4 34. Rd6 R4a6 35. Rh6 hxg3 36. hxg3 Kg7 37. Rdd6 f4+ 38. gxf4 gxf4+ 39. Kxf4 Rf8+ 40. Ke3 Rf3+ 41. Kd4 1-0

[Event "Belgrade Spring op"]
[Site "Belgrade"]
[Date "2009.03.21"]
[Round "1"]
[White "Cosic, Nebojsa"]
[Black "Damjanovic, Dragan"]
[Result "1-0"]
[WhiteElo "1847"]
[BlackElo "2229"]
[PlyCount "138"]
[EventDate "2009.03.21"]
[EventType "swiss"]
[EventRounds "9"]
[EventCountry "YUG"]
[SourceTitle "CBM 129 Extra"]
[Source "ChessBase"]
[SourceDate "2009.05.05"]
[SourceVersion "2"]
[SourceVersionDate "2009.05.20"]
[SourceQuality "1"]

1. e4 c6 2. d4 d5 3. Nc3 dxe4 4. Nxe4 Bf5 5. Ng3 Bg6 6. h4 h6 7. Nf3 Nd7 8. h5 Bh7 9. Bd3 Bxd3 10. Qxd3 e6 11. Bf4 Ngf6 12. 0-0-0 Be7 13. Ne4 Nxe4 14. Qxe4 Nf6 15. Qe2 Qa5 16. Kb1 Nxh5 17. Be5 Nf6 18. g4 0-0-0 19. g5 hxg5 20. Nxg5 Rxh1 21. Rxh1 Qd5 22. f3 Rf8 23. c4 Qd7 24. Kc2 Ne8 25. Ne4 b6 26. Qd3 f5 27. Nc3 Bd6 28. f4 Bxe5 29. dxe5 Qxd3+ 30. Kxd3 Rg8 31. Rg1 Rh8 32. b4 Rh4 33. Ne2 Rh3+ 34. Rg3 Rh1 35. Rg1 Rh4 36. Ke3 Kd7 37. Nd4 Rh6 38. Nf3 Ke7 39. a4 a6 40. Kd4 Rh3 41. Ke3 Rh7 42. Nd4 c5 43. bxc5 bxc5 44. Nf3 Kd7 45. Rb1 Nc7 46. a5 Kc8 47. Rg1 Ne8 48. Ng5 Rh6 49. Nf3 Rh3 50. Kf2 Kd7 51. Rd1+ Ke7 52. Kg2 Rh8 53. Rb1 Nc7 54. Rb7 Kd7 55. Ng5 Kc8 56. Rb6 Rh6 57. Rc6 Kb7 58. Rxc5 Rh4 59. Kf3 Rg4 60. Ne4 Rg1 61. Nd6+ Kb8 62. Rc6 Rd1 63. Rb6+ Ka8 64. Rb7 Ne8 65. Rd7 Nxd6 66. exd6 Rc1 67. Rc7 Kb8 68. c5 Rd1 69. Rxg7 Rd3+ 1-0

[Event "Belgrade-ch"]
[Site "Belgrade"]
[Date "2009.01.29"]
[Round "6"]
[White "Cosic, Nebojsa"]
[Black "Radovic, Goran"]
[Result "0-1"]
[WhiteElo "1846"]
[BlackElo "2045"]
[PlyCount "126"]
[EventDate "2009.01.24"]
[EventType "swiss"]
[EventRounds "9"]
[EventCountry "YUG"]
[SourceTitle "CBM 128 Extra"]
[Source "ChessBase"]
[SourceDate "2009.03.05"]
[SourceVersion "2"]
[SourceVersionDate "2009.03.25"]
[SourceQuality "1"]

1. e4 e6 2. d4 d5 3. Nc3 Bb4 4. e5 b6 5. Qg4 Bf8 6. Bg5 Qd7 7. Nf3 c6 8. h4 h6 9. Be3 Ne7 10. 0-0-0 a5 11. Na4 Qc7 12. Kb1 Ba6 13. h5 Bxf1 14. Rhxf1 Na6 15. Nh4 b5 16. Nc5 Nxc5 17. dxc5 Qd7 18. Bd4 Rg8 19. f4 g6 20. Qf3 Nf5 21. Nxf5 gxf5 22. Rg1 Rg4 23. Rd3 Qa7 24. Qf2 Be7 25. Rh1 Kd7 26. Rg3 Rag8 27. Rxg4 Rxg4 28. g3 Ke8 29. Rg1 Kf8 30. Qe3 Kg7 31. a3 Kh7 32. Qc3 Bd8 33. b4 a4 34. Kc1 Kg8 35. Kd2 Kf8 36. Ke2 Ke8 37. Qe3 Kd7 38. c3 Be7 39. Qf3 Qb8 40. Qe3 Qg8 41. Qf2 Qg7 42. Kf3 Qh7 43. Re1 Rg8 44. Rg1 Qg7 45. Ke3 Bh4 46. Qf3 Bxg3 47. Ke2 Qg4 48. Qxg4 Rxg4 49. Kf3 Bh4 50. Rxg4 fxg4+ 51. Kxg4 Be1 52. Kf3 Bd2 53. f5 exf5 54. Ke2 Bg5 55. Be3 Bxe3 56. Kxe3 Ke6 57. Kf4 f6 58. exf6 Kxf6 59. Kf3 Kg5 60. Kg3 f4+ 61. Kf3 Kf5 62. Ke2 Kg4 63. Kf2 Kxh5 0-1

[Event "Belgrade Winter op"]
[Site "Belgrade"]
[Date "2008.01.30"]
[Round "9"]
[White "Cosic, Nebojsa"]
[Black "Mikicic, Dusan"]
[Result "1/2-1/2"]
[WhiteElo "1813"]
[BlackElo "2230"]
[PlyCount "74"]
[EventDate "2008.01.22"]
[EventType "swiss"]
[EventRounds "9"]
[EventCountry "YUG"]
[SourceTitle "CBM 122 Extra"]
[Source "ChessBase"]
[SourceDate "2008.03.04"]
[SourceVersion "1"]
[SourceVersionDate "2008.03.04"]
[SourceQuality "1"]

1. e4 e5 2. Nf3 Nc6 3. Bb5 a6 4. Ba4 Nf6 5. d3 d6 6. c3 b5 7. Bc2 h6 8. h3 g5 9. d4 exd4 10. cxd4 d5 11. Nc3 Be6 12. e5 Nd7 13. a3 Be7 14. b4 Nb6 15. Be3 Nc4 16. Nd2 Rb8 17. Nxc4 bxc4 18. Ba4 Rb6 19. Rb1 Kf8 20. 0-0 Na7 21. f4 gxf4 22. Bxf4 Bg5 23. Rf3 Nb5 24. Bxb5 axb5 25. a4 c6 26. Bxg5 Qxg5 27. axb5 cxb5 28. Ra1 Rg8 29. Ra8+ Kg7 30. Rxg8+ Kxg8 31. Kh2 Qh4 32. Qa1 Qd8 33. Rf6 Rb8 34. Qc1 Qf8 35. Rxh6 Qg7 36. Rh5 Kf8 37. Rg5 Qh7 1/2-1/2